Analytical and experimental studies of sound suppressor components for NASA rocket engine test stands /

Bibliographic Details
Corporate Authors: Washington State University. College of Engineering. Research Division, George C. Marshall Space Flight Center
Other Authors: Tinney, E. Roy
Format: Book
Language:English
Published: Pullman : Technical Extension Service, Washington State University, 1967.
Subjects:

MARC

Tag First Indicator Second Indicator Subfields
LEADER 00000cam a22000001 4500
001 in00000096859
005 20150925090512.0
008 700625s1967 waua b 00000 eng
010 |a  68063142  
035 |a (OCoLC)00082533 
035 |9 AAL2572AM 
040 |a DLC  |c DLC  |d TXA  |d UtOrBLW 
049 |a TXAM  |c [642910] 
050 0 0 |a TJ267.5.N6  |b W38 
082 0 |a 621.2/4 
090 |a TL782  |b .T56 
110 2 |a Washington State University.  |b College of Engineering.  |b Research Division. 
245 1 0 |a Analytical and experimental studies of sound suppressor components for NASA rocket engine test stands /  |c Edited by E. Roy Tinney. 
264 1 |a Pullman :  |b Technical Extension Service, Washington State University,  |c 1967. 
300 |a xiv, 223 pages :  |b illustrations (part folded) ;  |c 28 cm. 
336 |a text  |b txt  |2 rdacontent 
337 |a unmediated  |b n  |2 rdamedia 
338 |a volume  |b nc  |2 rdacarrier 
500 |a Appendices (pages 83-223):--A. Hydraulic syphon model study.--B. Supersonic nitrogen jet apparatus.--C. Supercritical hydraulic jet analogy. 
504 |a Bibliography: page 82. 
650 0 |a Rocket engines. 
650 0 |a Noise control. 
650 0 |a Supersonic nozzles. 
650 0 |a Hydraulic models. 
700 1 |a Tinney, E. Roy. 
710 2 |a George C. Marshall Space Flight Center. 
999 |a MARS 
999 f f |s 2eb22da5-294e-345a-9460-0f2000e4a6db  |i b393f9b0-eb76-3304-a138-c730d61eca7e  |t 0 
952 f f |p ric  |a Texas A&M University  |b Rellis Campus  |c Joint Library Facility  |d Remote Storage  |t 0  |e TL782 .T56  |h Library of Congress classification  |i unmediated -- volume  |m A14805554043 
998 f f |a TL782 .T56  |t 0  |l Remote Storage